000 00931nam a2200229Ia 4500
001 L962-44825
003 IT-CnALBA
008 170116s9999||||xx |||||||||||||| ||und||
040 _aIT-CnALBA
_cIT-CnALBA
041 _aITALIANO
100 _aBELLEZZA-PRINSI ANTONIO
245 0 _aMEMORIE STORICHE DI GROSSO CANAVESE.
250 _a1a ed.
260 _a GROSSO CANAVESE
_bPUGNETTI G. EDIZIONI
_c1980 [1° Ed.:1980 - Ed.Ling.Originale: 1980]
300 _a98 p.
500 _aSTORIA. I SIGNORI. LA CHIESA ROMANICA. IL CASTELLO. CONTRIBUTO AL RISORGIMENTO. CRONACHE. CARTARIO DEL CASTELLO. PARROCI.
501 _aSocietà San Paolo EM - Piazza San Paolo, 14 - 12051 ALBA (CN) (non commercial uses only) ® Copyright 2017
520 _aSTORIA. I SIGNORI. LA CHIESA ROMANICA. IL CASTELLO. CONTRIBUTO AL RISORGIMENTO. CRONACHE. CARTARIO DEL CASTELLO. PARROCI.
650 _aTORINO
942 _cBK
957 _71
999 _a50575
_bNO
_g Copie: 1
_c303757
_d303757